Fr. Conceicao Rodrigues College of Engineering

Dey (Record no. 22292)

MARC details
000 -LEADER
fixed length control field 00200nam a2200121Ia 4500
082 ## - DEWEY DECIMAL CLASSIFICATION NUMBER
Item number 22360
100 ## - MAIN ENTRY--PERSONAL NAME
Personal name #N/A
245 ## - TITLE STATEMENT
Title Dey
260 ## - PUBLICATION, DISTRIBUTION, ETC.
Name of publisher, distributor, etc. #N/A
546 ## - LANGUAGE NOTE
Language note ENGLISH
942 ## - ADDED ENTRY ELEMENTS (KOHA)
Koha item type BOOK
Holdings
Withdrawn status Lost status Damaged status Not for loan Collection Home library Current library Date acquired Total Checkouts Full call number Barcode Date last seen Price effective from Koha item type
        CD Fr. Agnel's C.Rodrigues College of Engineering Fr. Agnel's C.Rodrigues College of Engineering 17/03/2023   22360 CD2440 17/03/2023 17/03/2023 BOOK
        CD Fr. Agnel's C.Rodrigues College of Engineering Fr. Agnel's C.Rodrigues College of Engineering 17/03/2023   22361 CD2441 17/03/2023 17/03/2023 BOOK
        CD Fr. Agnel's C.Rodrigues College of Engineering Fr. Agnel's C.Rodrigues College of Engineering 17/03/2023   22362 CD2442 17/03/2023 17/03/2023 BOOK
        CD Fr. Agnel's C.Rodrigues College of Engineering Fr. Agnel's C.Rodrigues College of Engineering 17/03/2023   22363 CD2443 17/03/2023 17/03/2023 BOOK
        CD Fr. Agnel's C.Rodrigues College of Engineering Fr. Agnel's C.Rodrigues College of Engineering 17/03/2023   22364 CD2444 17/03/2023 17/03/2023 BOOK